| 000 | 01347nam a2200337Ia 4500 | ||
|---|---|---|---|
| 001 | ebr10150387 | ||
| 003 | CaPaEBR | ||
| 006 | m u | ||
| 007 | cr cn||||||||| | ||
| 008 | 050930s2006 nyu sb 001 0 eng d | ||
| 010 | _z 2005049542 | ||
| 020 | _z1403983445 | ||
| 020 | _z1403967512 | ||
| 020 | _z9781403967510 | ||
| 040 |
_aCaPaEBR _cCaPaEBR |
||
| 035 | _a(OCoLC)567964974 | ||
| 050 | 1 | 4 |
_aJZ5331.5.O37 _bC66 2006eb |
| 100 | 1 |
_aCooper, Andrew Fenton, _d1950- |
|
| 245 | 1 | 0 |
_aIntervention without intervening? _h[electronic resource] : _bthe OAS defense and promotion of democracy in the Americas / _cAndrew F. Cooper and Thomas Legler. |
| 250 | _a1st ed. | ||
| 260 |
_aNew York, N.Y. : _bPalgrave Macmillan, _c2006. |
||
| 300 | _aviii, 184 p. | ||
| 504 | _aIncludes bibliographical references (p. [154]-174) and index. | ||
| 533 |
_aElectronic reproduction. _bPalo Alto, Calif. : _cebrary, _d2009. _nAvailable via World Wide Web. _nAccess may be limited to ebrary affiliated libraries. |
||
| 610 | 2 | 0 | _aOrganization of American States. |
| 650 | 0 |
_aDemocracy _zLatin America. |
|
| 655 | 7 |
_aElectronic books. _2local |
|
| 700 | 1 |
_aLegler, Thomas F., _d1967- |
|
| 710 | 2 | _aebrary, Inc. | |
| 856 | 4 | 0 |
_uhttp://site.ebrary.com/lib/rucke/Doc?id=10150387 _zAn electronic book accessible through the World Wide Web; click to view |
| 999 |
_c94585 _d94585 |
||